[Event "Belgrade Winter op"]
[Site "Belgrade"]
[Date "2006.01.28"]
[Round "8"]
[White "Damjanovic, Dragan"]
[Black "Nikolic, Momir"]
[Result "0-1"]
[WhiteElo "2290"]
[BlackElo "2246"]
[PlyCount "84"]
[EventDate "2006.01.21"]
[EventType "swiss"]
[EventRounds "9"]
[EventCountry "YUG"]
[SourceTitle "CBM 110 Extra"]
[Source "ChessBase"]
[SourceDate "2006.03.10"]
[SourceVersion "2"]
[SourceVersionDate "2006.03.10"]
[SourceQuality "1"]

1. d4 Nf6 2. c4 g6 3. Nc3 Bg7 4. e4 d6 5. Be2 0-0 6. Nf3 e5 7. dxe5 dxe5 8. Qxd8 Rxd8 9. Bg5 Nc6 10. Nd5 Nxd5 11. Bxd8 Nf4 12. Bxc7 Bg4 13. h3 Nxg2+ 14. Kf1 Bxf3 15. Bxf3 Nf4 16. Rd1 Rc8 17. Rd7 h5 18. Bd1 Ne6 19. Bd6 Ncd4 20. b3 b5 21. c5 Nxc5 22. Bxc5 Rxc5 23. Rxa7 Rc1 24. Kg2 b4 25. a4 bxa3 26. Rxa3 Bf8 27. Ra2 Rc3 28. Re1 Ne6 29. Re3 Nf4+ 30. Kh2 Rc1 31. Be2 Kg7 32. Bc4 Bc5 33. Rf3 f6 34. Rd2 h4 35. Bb5 Kh6 36. Bc4 Kg5 37. Bd3 Bb4 38. Rc2 Nxd3 39. Rxc1 Nxc1 40. Kg2 f5 41. Kf1 f4 42. Kg2 Kf6 0-1

[Event "Belgrade tt Cup"]
[Site "Belgrade"]
[Date "2003.04.05"]
[Round "2"]
[White "Nikolic, Momir"]
[Black "Popovic, Aleksandra"]
[Result "1-0"]
[WhiteElo "2276"]
[BlackElo "2045"]
[PlyCount "79"]
[EventDate "2003.04.04"]
[EventType "team"]
[EventRounds "5"]
[EventCountry "YUG"]
[SourceTitle "CBM 093 Extra"]
[Source "ChessBase"]
[SourceDate "2003.05.09"]
[SourceVersion "1"]
[SourceVersionDate "2003.05.09"]
[SourceQuality "1"]

1. e4 e5 2. Nf3 Nc6 3. Bc4 Nf6 4. d3 Be7 5. 0-0 d6 6. Bb3 Bg4 7. c3 0-0 8. Nbd2 Nd7 9. h3 Bh5 10. Nc4 Nc5 11. g4 Bg6 12. Ne3 Nxb3 13. Qxb3 b6 14. c4 Bg5 15. Qa4 Bxe3 16. Bxe3 Nb8 17. Ne1 c6 18. Ng2 d5 19. cxd5 cxd5 20. f3 Nd7 21. b4 a5 22. b5 Rc8 23. Rfc1 Qf6 24. Qd1 d4 25. Bd2 Nc5 26. Be1 Qe7 27. Nh4 Ne6 28. Qb3 Nf4 29. Kh2 Qg5 30. Rc6 Ne2 31. Ng2 Rxc6 32. bxc6 Qf6 33. c7 Qxf3 34. Bh4 h5 35. gxh5 Nf4 36. Nxf4 Qxf4+ 37. Bg3 Qd2+ 38. Kh1 Bxh5 39. Rf1 Be2 40. Qxf7+ 1-0